Sports Quiz

Random Sports Quiz

Big 4 shared team names Quiz Stats

Quiz not verified by Sporcle

Challenge
Share
Tweet
Embed
Score 0/66 Timer 10:00
0 Plays Today
Current Location Team Name % Correct
Los Angeles of AnaheimAngels
93.4%
OaklandAthletics
93.4%
San FranciscoGiants
93.4%
ArizonaCardinals
91.8%
Los Angeles and SacramentoKings
91.8%
ClevelandBrowns
90.2%
ClagaryFlames
90.2%
MemphisGrizzlies
90.2%
UtahJazz
90.2%
EdmontonOilers
90.2%
Florida and CarolinaPanthers
90.2%
New EnglandPatriots
90.2%
Golden StateWarriors
90.2%
AtlantaHawks
88.5%
BrooklynNets
88.5%
Green BayPackers
88.5%
New York and TexasRangers
88.5%
CincinnatiReds
86.9%
New YorkJets
85.2%
Los AngelesRams
85.2%
OttawaSenators
85.2%
DetroitTigers
85.2%
AtlantaBraves
83.6%
IndianapolisColts
83.6%
OaklandRaiders
83.6%
HoustonRockets
83.6%
DallasStars
83.6%
St. LouisBlues
82%
New Orleans (renamed)Hornets
82%
PittsburghPirates
82%
Kansas CityRoyals
82%
San JoseSharks
82%
San AntonioSpurs
82%
Current Location Team Name % Correct
Los AngelesLakers
80.3%
DetroitPistons
80.3%
WashingtonRedskins
80.3%
ColoradoRockies
80.3%
ChicagoBlackhawks
78.7%
San Diego Chargers
78.7%
Los Angeles Clippers
78.7%
DallasCowboys
78.7%
Los AngelesDodgers
78.7%
PhiladelphiaEagles
78.7%
DetroitLions
78.7%
HoustonTexans
78.7%
Tampa BayBuccaneers
77%
WashingtonNationals
77%
TorontoBlue Jays
75.4%
SeattleMariners
75.4%
Tennessee Titans
75.4%
ChicagoBulls
73.8%
ClevelandIndians
73.8%
PhiladelphiaFlyers
72.1%
New YorkYankees
72.1%
AtlantaFalcons
68.9%
No City (renamed)Bullets
42.6%
No CityAmericans
29.5%
No CityWhalers
23%
No CityMaroons
21.3%
No CityQuakers
14.8%
No CityBulldogs
11.5%
No CityPros
11.5%
No CityBlazers
9.8%
No CityGrays
9.8%
No CityTornados
6.6%
No CityColonels
3.3%

You're not logged in!

Compare scores with friends on all Sporcle quizzes.
Sign Up with Email
OR
Log In

You Might Also Like...

Show Comments

Extras

Top Quizzes Today


Score Distribution

Your Account Isn't Verified!

In order to create a playlist on Sporcle, you need to verify the email address you used during registration. Go to your Sporcle Settings to finish the process.